<?xml version="1.0" encoding="UTF-8"?>
<record
    xmlns:xsi="http://www.w3.org/2001/XMLSchema-instance"
    xsi:schemaLocation="http://www.loc.gov/MARC21/slim http://www.loc.gov/standards/marcxml/schema/MARC21slim.xsd"
    xmlns="http://www.loc.gov/MARC21/slim">

  <leader>03506nam a2200553Ia 4500</leader>
  <controlfield tag="001">177</controlfield>
  <controlfield tag="008">241029s9999    xx            000 0 und d</controlfield>
  <datafield tag="010" ind1=" " ind2=" ">
    <subfield code="a">154</subfield>
  </datafield>
  <datafield tag="041" ind1=" " ind2=" ">
    <subfield code="a">Espa&#xF1;ol</subfield>
  </datafield>
  <datafield tag="082" ind1=" " ind2=" ">
    <subfield code="a">ISDODOSU TMGC 12-0010 BFEM EJ.1</subfield>
  </datafield>
  <datafield tag="245" ind1=" " ind2="0">
    <subfield code="a">Sobreedad escolar, factores que inciden en el Primer Ciclo del Nivel B&#xE1;sico del Distrito Educativo 15-02</subfield>
  </datafield>
  <datafield tag="260" ind1=" " ind2=" ">
    <subfield code="a">Santo Domingo</subfield>
  </datafield>
  <datafield tag="300" ind1=" " ind2=" ">
    <subfield code="a">70</subfield>
  </datafield>
  <datafield tag="520" ind1=" " ind2=" ">
    <subfield code="a">9</subfield>
  </datafield>
  <datafield tag="630" ind1=" " ind2=" ">
    <subfield code="a">Lectoescritura</subfield>
  </datafield>
  <datafield tag="630" ind1=" " ind2=" ">
    <subfield code="a">Rendimiento Escolar</subfield>
  </datafield>
  <datafield tag="630" ind1=" " ind2=" ">
    <subfield code="a">Sobreedad</subfield>
  </datafield>
  <datafield tag="650" ind1=" " ind2=" ">
    <subfield code="a">Gesti&#xF3;n Educativa</subfield>
  </datafield>
  <datafield tag="690" ind1=" " ind2=" ">
    <subfield code="a">Elaborado</subfield>
  </datafield>
  <datafield tag="700" ind1=" " ind2=" ">
    <subfield code="e">asesor</subfield>
    <subfield code="a">De los Santos, Saturnino </subfield>
  </datafield>
  <datafield tag="700" ind1=" " ind2=" ">
    <subfield code="e">autor</subfield>
    <subfield code="a">Feliz, Leonor </subfield>
  </datafield>
  <datafield tag="700" ind1=" " ind2=" ">
    <subfield code="e">autor</subfield>
    <subfield code="a">Guzm&#xE1;n G., Zulaicka M</subfield>
  </datafield>
  <datafield tag="901" ind1=" " ind2=" ">
    <subfield code="a">{"1":"Feliz","2":"Guzm&#xE1;n G."}</subfield>
    <subfield code="b">{"1":"Leonor ","2":"Zulaicka M"}</subfield>
  </datafield>
  <datafield tag="902" ind1=" " ind2=" ">
    <subfield code="a">1</subfield>
  </datafield>
  <datafield tag="903" ind1=" " ind2=" ">
    <subfield code="a">{"1":"De los Santos"}</subfield>
    <subfield code="b">{"1":"Saturnino "}</subfield>
  </datafield>
  <datafield tag="904" ind1=" " ind2=" ">
    <subfield code="a">Mag&#xED;ster en</subfield>
  </datafield>
  <datafield tag="905" ind1=" " ind2=" ">
    <subfield code="a">Gesti&#xF3;n de Centros Educativos</subfield>
  </datafield>
  <datafield tag="906" ind1=" " ind2=" ">
    <subfield code="a">2</subfield>
  </datafield>
  <datafield tag="907" ind1=" " ind2=" ">
    <subfield code="a">NO APLICA</subfield>
  </datafield>
  <datafield tag="908" ind1=" " ind2=" ">
    <subfield code="a">NO APLICA</subfield>
  </datafield>
  <datafield tag="909" ind1=" " ind2=" ">
    <subfield code="a">ISFODOSU, Recinto F&#xE9;lix Evaristo Mej&#xED;a</subfield>
  </datafield>
  <datafield tag="910" ind1=" " ind2=" ">
    <subfield code="a">NULL</subfield>
    <subfield code="b">NULL</subfield>
  </datafield>
  <datafield tag="911" ind1=" " ind2=" ">
    <subfield code="a">["1"]</subfield>
  </datafield>
  <datafield tag="912" ind1=" " ind2=" ">
    <subfield code="a">NO APLICA</subfield>
  </datafield>
  <datafield tag="913" ind1=" " ind2=" ">
    <subfield code="a">NULL</subfield>
  </datafield>
  <datafield tag="914" ind1=" " ind2=" ">
    <subfield code="a">03 de Septiembre de 2012</subfield>
  </datafield>
  <datafield tag="915" ind1=" " ind2=" ">
    <subfield code="a">18/09/14 10:09</subfield>
  </datafield>
  <datafield tag="916" ind1=" " ind2=" ">
    <subfield code="a">NULL</subfield>
  </datafield>
  <datafield tag="917" ind1=" " ind2=" ">
    <subfield code="a">NULL</subfield>
  </datafield>
  <datafield tag="918" ind1=" " ind2=" ">
    <subfield code="a">NO APLICA</subfield>
  </datafield>
  <datafield tag="919" ind1=" " ind2=" ">
    <subfield code="a">["128","177","185"]</subfield>
  </datafield>
  <datafield tag="520" ind1=" " ind2=" ">
    <subfield code="a">Los principales prop&#xF3;sitos del estudio consistieron en: identificar el nivel en que los/las &#xA0;estudiantes que est&#xE1;n en situaci&#xF3;n de sobreedad &#xA0;escolar son portadores de no pertenencia y describir en qu&#xE9; magnitud intervienen los factores de: falta de apoyo escolar, familiar, necesidades econ&#xF3;micas, deficiencia de lecto-escritura y estrategias docentes pocas motivadoras en la sobreedad escolar que &#xA0;muestran que muestran los &#xA0;ni&#xF1;os/as del Primer Ciclo &#xA0;de la Educaci&#xF3;n B&#xE1;sica en el Distrito Educativo 15-02 y determinar en qu&#xE9; medida los/as estudiantes en sobreedad escolar perciben estar &#xA0;en la edad de trabajar para cubrir sus necesidades econ&#xF3;micas.La metodolog&#xED;a utilizada fue transeccional descriptiva y se fundament&#xF3; en el m&#xE9;todo de la observaci&#xF3;n y el an&#xE1;lisis y como instrumento se emple&#xF3; el cuestionario y &#xA0; el an&#xE1;lisis. &#xA0;Se trabaj&#xF3; con las escuelas p&#xFA;blicas y &#xA0;del&#xA0;Primer Ciclo &#xA0;deL Nivel B&#xE1;sico&#xA0;del Distrito 15-02 Santo Domingo,&#xA0;matr&#xED;cula del a&#xF1;o escolar 2011-2012 y para el estudio se tom&#xF3; como muestra los estudiantes en sobreedad del&#xA0;Primer Ciclo &#xA0;de la Educaci&#xF3;n B&#xE1;sica&#xA0;del Distrito Educativo 15-02.El estudio concluy&#xF3; que la gran mayor&#xED;a de los centros educativos del Distrito 15-02 tienen un 20% de estudiantes en sobreedad escolar, que los grados con menor cantidad de estudiantes en &#xA0;sobreedad escolar fueron primero y segundo del&#xA0;Primer Ciclo &#xA0;de la Educaci&#xF3;n B&#xE1;sica, mientras que en&#xA0;los grados de tercero y cuarto se registra un aumento, puesto que estos grados si se pueden repetir y que los &#xA0;estudiantes en sobreedad escolar reciben poco apoyo por parte de sus familiares.&#xA0;El estudio recomienda que el ministerio de educaci&#xF3;n defina y coordine iniciativas complementarias y emprenda acciones adicionales con mayor potencial para impactar en la soluci&#xF3;n &#xA0; de problem&#xE1;tica &#xA0;de sobreedad escolar en la Rep&#xFA;blica Dominicana y que las escuelas sean espacios de sociabilizaci&#xF3;n, un lugar para brindar oportunidades a los/as estudiantes, en especial a los de sobreedad.&#xA0;</subfield>
  </datafield>
  <datafield tag="921" ind1=" " ind2=" ">
    <subfield code="a">16</subfield>
  </datafield>
  <datafield tag="922" ind1=" " ind2=" ">
    <subfield code="a">16</subfield>
  </datafield>
  <datafield tag="923" ind1=" " ind2=" ">
    <subfield code="a">0</subfield>
  </datafield>
  <datafield tag="924" ind1=" " ind2=" ">
    <subfield code="a">NO APLICA</subfield>
  </datafield>
  <datafield tag="942" ind1=" " ind2=" ">
    <subfield code="c">Tesis</subfield>
  </datafield>
  <datafield tag="999" ind1=" " ind2=" ">
    <subfield code="c">154</subfield>
    <subfield code="d">154</subfield>
  </datafield>
</record>
